Catálogo

PREMIO NACIONAL DE CIENCIAS Y ARTES 2001 (Registro nro. 43846)

Detalles MARC
000 -LEADER
fixed length control field 00873nam a2200181 a 4500
001 - CONTROL NUMBER
control field 43846
005 - DATE AND TIME OF LATEST TRANSACTION
control field 20180714022512.0
008 - FIXED-LENGTH DATA ELEMENTS--GENERAL INFORMATION
fixed length control field 140415s2001 mx 000 0 spa d
020 ## - INTERNATIONAL STANDARD BOOK NUMBER
International Standard Book Number 97085295
041 ## - LANGUAGE CODE
Language code of text/sound track or separate title spa
082 ## - DEWEY DECIMAL CLASSIFICATION NUMBER
Classification number 001.44
Item number PRE
245 00 - TITLE STATEMENT
Title PREMIO NACIONAL DE CIENCIAS Y ARTES 2001
250 ## - EDITION STATEMENT
Edition statement 1a ed.
260 ## - PUBLICATION, DISTRIBUTION, ETC.
Place of publication, distribution, etc. MEXICO :
Name of publisher, distributor, etc. SECRETARIA DE EDUCACION PUBLICA,
Date of publication, distribution, etc. 2001
300 ## - PHYSICAL DESCRIPTION
Extent 165
Dimensions x 21 x 21
520 ## - SUMMARY, ETC.
Summary, etc. EL GOBIERNO DE LA REPUBLICA OTORGA EL PREMIO NACIONAL DE CIENCIAS Y ARTES A QUIENES EN VIRTUD DE SUS APORTACIONES TRASCENDENTALES APORTACIONES SE HACEN MERECEDORES DE ESTE GALARDON . MEDIANTE LOS TEXTOS E IMAGENES QUE CONFORMAN ESTA MEMORIA SE DEJA TESTIMONIO DE LA NOTABLE TRAYECTORIA Y APORTACIONES RELEVANTES DE QUIENES OBTUVIERON EL PREMIO NACIONAL DE CIENCIAS Y ARTES 2001
650 14 - SUBJECT ADDED ENTRY--TOPICAL TERM
Topical term or geographic name entry element PREMIOS
General subdivision NACIONAL DE CIENCIAS Y ARTES
Existencias
Withdrawn status Lost status Source of classification or shelving scheme Damaged status Not for loan Collection code Home library Current library Shelving location Date acquired Source of acquisition Inventory number Total Checkouts Full call number Barcode Date last seen Price effective from Koha item type
    Dewey Decimal Classification     General Biblioteca Karol Wojtyla Biblioteca Karol Wojtyla Sala general 03/12/2013 Compra 151000000000000000065398   '001.44 PRE 65951 05/01/2026 03/12/2013 Libro